Sports Quiz

Random Sports Quiz

Played for England under Joe Mercer Quiz Stats

 Plays Quiz not verified by Sporcle

Challenge
Share
Tweet
Embed
Score 0/20 Timer 08:00
0 Plays Today
Hint Answer % Correct
GRay Clemence
97.9%
GPeter Shilton
91.5%
FKevin Keegan
87.2%
DEmlyn Hughes
83%
DColin Todd
76.6%
FFrank Worthington
74.5%
FMalcolm MacDonald
72.3%
MColin Bell
72.3%
MTrevor Brooking
72.3%
FMick Channon
70.2%
Hint Answer % Correct
DRoy McFarland
68.1%
D/MNorman Hunter
66%
MMartin Peters
66%
M Stan Bowles
66%
DDavid Nish
53.2%
DDave Watson
51.1%
DAlec Lindsay
48.9%
M/FKeith Weller
44.7%
MMartin Dobson
38.3%
DMike Pejic
27.7%

You're not logged in!

Compare scores with friends on all Sporcle quizzes.
Join for Free
OR
Log In

You Might Also Like...

Show Comments

Extras

Created Jun 20, 2017ReportNominate
Tags:club, England, joe, mercer, under

Top Quizzes Today


Score Distribution

Your Account Isn't Verified!

In order to create a playlist on Sporcle, you need to verify the email address you used during registration. Go to your Sporcle Settings to finish the process.

Report this User

Report this user for behavior that violates our Community Guidelines.

Details: